El sentido de la verdad /
Guardado en:
| Autor Principal: | |
|---|---|
| Formato: | Libro |
| Idioma: | Spanish |
| Publicado: |
Barcelona :
Cervantes,
1927.
|
| Series: | Colección Sócrates ;
iv |
| Materias: | |
| Etiquetas: |
Agregar Etiqueta
Sin Etiquetas, Sea el primero en etiquetar este registro!
|
| LEADER | 00926nam a22001935a 4500 | ||
|---|---|---|---|
| 001 | EUN.eunm009497 | ||
| 008 | 041125s1927####sp#######b####000#0#spa#d | ||
| 005 | 20241212140508.0 | ||
| 245 | 1 | 3 | |a El sentido de la verdad / |c Joaquín Xirau Palau. |
| 260 | |a Barcelona : |b Cervantes, |c 1927. | ||
| 300 | |a 201 p. ; |c 18 cm. | ||
| 490 | 0 | |a Colección Sócrates ; |v iv | |
| 504 | |a Incluye notas a pie de página. | ||
| 505 | 0 | |a I. El idealismo -- II. La conciencia y el ser -- III. El relativismo -- IV. La investigación fenomenológica -- V. Verdad y objetividad | |
| 590 | |a Presenta intervenciones mss. que por la caligrafía se adjudican a Matijevic: escritos mss. en tinta negra (principalmente en p.144-145, 147-149) y en lápiz; parágrafos marcados con lápiz en negro, azul y rojo. | ||
| 100 | 1 | |a Xirau, Joaquín, |d 1895-1946, |e autor. |4 aut | |
| 082 | 0 | 4 | |a 111 |
| 653 | |a Ontologia | ||
| 859 | |a AR-BaUNS |b BIB. CENTRAL - Tesoro |h 111 |i X48 |p 1900/964 | ||
